000 00628nam a2200205 i 4500
001 bg
100 1 _aBICHTA, Henryk
245 1 0 _aMaszynoznawstwo ogrodnicze /
_cHenryk Bichta, Franciszek Bieganowski ; pod red. Jana Furtak.
260 _aLublin :
_bWydaw. Akademii Rolniczej,
_c1994.
300 _a275 s. :
_bfot., rys. ;
_c24 cm.
650 9 _aOgrodnictwo
_xmechanizacja
655 _aPodręczniki akademickie
700 1 _aBIEGANOWSKI, Franciszek
700 1 _aFURTAK, Jan.
_eRed.
040 _cBPK
041 0 _apl
080 _a634.1/.8+635:631.3](075.5)
942 _cKS
008 s pl f |000 0 pol
999 _c25048
_d25048
856 _uhttp://koha.tu.koszalin.pl/cgi-bin/koha/opac-detail.pl?biblionumber=25048
_yKatalog online BPK